[Event "Top 12 feminin 2013"]
[Site "Archamps"]
[Date "2013.02.16"]
[Round "2"]
[White "Rudolf, Anna"]
[Black "Collas, Silvia"]
[Result "1/2-1/2"]
[WhiteElo "2312"]
[BlackElo "2286"]
[PlyCount "77"]
[EventDate "2013.02.??"]
[EventType "team"]
[EventRounds "5"]
[EventCountry "FRA"]

1. e4 c5 2. Nf3 e6 3. d4 cxd4 4. Nxd4 a6 5. Bd3 Nf6 6. O-O e5 7. Nf3 Nc6 8. Nc3
Bc5 9. Bc4 d6 10. h3 Be6 11. Qe2 Rc8 12. Bb3 h6 13. Be3 Bxe3 14. Qxe3 O-O 15.
Rad1 Qc7 16. Rd3 Bxb3 17. axb3 Ne7 18. Rfd1 Rfd8 19. R3d2 Ng6 20. Ne2 b5 21. c3
a5 22. Ng3 Qc6 23. Re1 a4 24. bxa4 bxa4 25. Nf5 a3 26. bxa3 Qxc3 27. Rd3 Qc5
28. N3h4 Qxe3 29. Rdxe3 Nxh4 30. Nxh4 g6 31. Nf3 Rc6 32. Rd3 Ra8 33. Nd2 Ra4
34. g3 Rca6 35. Ree3 Nd7 36. Kg2 Nc5 37. Rd5 Kg7 38. f3 Rd4 39. Rc3 1/2-1/2

[Event "Top 12 feminin 2013"]
[Site "Archamps"]
[Date "2013.02.16"]
[Round "2"]
[White "Hamdouchi, Adina"]
[Black "Steil-Antoni, Fiona"]
[Result "1/2-1/2"]
[WhiteElo "2206"]
[BlackElo "2143"]
[PlyCount "82"]
[EventDate "2013.02.??"]
[EventType "team"]
[EventRounds "5"]
[EventCountry "FRA"]

1. g3 d5 2. Bg2 e6 3. Nf3 Nf6 4. c4 dxc4 5. Qa4+ c6 6. Qxc4 b5 7. Qc2 Bb7 8. d4
Nbd7 9. Nc3 Rc8 10. O-O b4 11. Ne4 c5 12. Nxf6+ Nxf6 13. Bg5 cxd4 14. Qa4+ Bc6
15. Qxa7 Bxf3 16. Bxf3 Bc5 17. Qa4+ Qd7 18. Qb3 O-O 19. Bxf6 gxf6 20. Qd3 Rfd8
21. Rfd1 Qa4 22. Qe4 b3 23. axb3 Qxb3 24. Qg4+ Kf8 25. Qh4 Ke7 26. Qxh7 d3 27.
Rxd3 Rxd3 28. Qxd3 Qxd3 29. exd3 Bd4 30. Ra4 Bxb2 31. Ra7+ Kd6 32. Rxf7 Bd4 33.
Bb7 Rc2 34. h4 Rxf2 35. Kh1 Rd2 36. h5 Rxd3 37. Kg2 Be5 38. Bf3 Rd2+ 39. Kh3
Rd3 40. Kg2 Rd2+ 41. Kh3 Rd3 1/2-1/2

[Event "Top 12 feminin 2013"]
[Site "Archamps"]
[Date "2013.02.16"]
[Round "2"]
[White "Mangean, Marianne"]
[Black "Thuret, Marine"]
[Result "0-1"]
[WhiteElo "1891"]
[BlackElo "1424"]
[PlyCount "66"]
[EventDate "2013.02.??"]
[EventType "team"]
[EventRounds "5"]
[EventCountry "FRA"]

1. d4 Nf6 2. Bf4 d6 3. Nf3 Nbd7 4. e3 Nh5 5. Bg3 Nxg3 6. hxg3 g6 7. Nbd2 Bg7 8.
c3 c6 9. Qc2 O-O 10. Bd3 b5 11. a3 a5 12. Ng5 h6 13. Ngf3 Re8 14. Ne4 f5 15.
Qb3+ d5 16. Ned2 Qc7 17. Nh4 Kh7 18. Qc2 Nf6 19. Ndf3 Ne4 20. Nd2 e5 21. Bxe4
fxe4 22. dxe5 Bxe5 23. f4 Bg7 24. Nf1 Qb6 25. Qf2 Rf8 26. Qe2 Bd7 27. Nh2 b4
28. cxb4 axb4 29. a4 c5 30. O-O Qa6 31. Qxa6 Rxa6 32. Rad1 d4 33. Ng4 Bxg4 0-1

[Event "Top 12 feminin 2013"]
[Site "Archamps"]
[Date "2013.02.16"]
[Round "2"]
[White "Zickelbein, Eva-Maria"]
[Black "Gara, Anita"]
[Result "1-0"]
[WhiteElo "2081"]
[BlackElo "2302"]
[PlyCount "53"]
[EventDate "2013.02.??"]
[EventType "team"]
[EventRounds "5"]
[EventCountry "FRA"]

1. e4 d5 2. d4 dxe4 3. Nc3 Nf6 4. f3 exf3 5. Nxf3 g6 6. Bc4 Bg7 7. O-O O-O 8.
Qe1 Nc6 9. Qh4 Bf5 10. Bh6 a6 11. d5 Na5 12. Bd3 Bxd3 13. cxd3 c5 14. Ng5 Nh5
15. Bxg7 Kxg7 16. g4 h6 17. Rxf7+ Kg8 18. Rg7+ Kxg7 19. Ne6+ Kg8 20. Nxd8 Nf4
21. Ne6 Nxe6 22. dxe6 Nc6 23. Qxh6 Ne5 24. Ne4 Rad8 25. Rf1 Rxf1+ 26. Kxf1 Rxd3
27. Ng5 1-0

[Event "Top 12 feminin 2013"]
[Site "Archamps"]
[Date "2013.02.16"]
[Round "2"]
[White "Roumegous, Marina"]
[Black "Armas, Lara-Maria"]
[Result "1-0"]
[WhiteElo "2139"]
[BlackElo "1973"]
[PlyCount "149"]
[EventDate "2013.02.??"]
[EventType "team"]
[EventRounds "5"]
[EventCountry "FRA"]

1. d4 Nf6 2. Nf3 e6 3. Bg5 Be7 4. Nbd2 O-O 5. e4 d6 6. Bd3 Nbd7 7. O-O c5 8. c3
b6 9. Qe2 Bb7 10. Rfd1 Rc8 11. Rac1 h6 12. Bh4 Nh5 13. Bg3 Nxg3 14. hxg3 Rc7
15. Nf1 Qa8 16. Re1 cxd4 17. cxd4 Rxc1 18. Rxc1 Rc8 19. Re1 Bf8 20. g4 g6 21.
g5 h5 22. N1h2 Rc7 23. g4 h4 24. Nxh4 Bg7 25. Qe3 Qc8 26. N4f3 e5 27. d5 Nc5
28. Bf1 a5 29. Rc1 Ba6 30. Bxa6 Qxa6 31. Rc3 Bf8 32. Nd2 Be7 33. Nb3 a4 34.
Nxc5 Rxc5 35. Rxc5 bxc5 36. b3 axb3 37. axb3 Bd8 38. Kg2 Qb5 39. Nf3 Ba5 40.
Ng1 Qb4 41. Nh3 Qc3 42. Qxc3 Bxc3 43. Kf3 Kf8 44. Ke2 Ke7 45. Kd3 Bb4 46. Kc4
Kd7 47. f4 exf4 48. Nxf4 Bd2 49. Nd3 Bxg5 50. e5 Be3 51. exd6 Kxd6 52. Ne1 f5
53. gxf5 gxf5 54. Nf3 Bf2 55. Ng5 Be3 56. Nf7+ Ke7 57. Ne5 Kd6 58. Nd3 Bd2 59.
Nxc5 Be3 60. Nd3 Bd2 61. Kd4 Bg5 62. b4 Bd8 63. Nc5 Bb6 64. Kc4 Bd8 65. Nb7+
Kd7 66. Nxd8 Kxd8 67. b5 Kc7 68. Kd4 Kd6 69. b6 Kd7 70. Ke5 f4 71. Kxf4 Kd6 72.
Ke4 Kd7 73. Ke5 Kd8 74. d6 Kd7 75. b7 1-0

[Event "Top 12 feminin 2013"]
[Site "Archamps"]
[Date "2013.02.16"]
[Round "2"]
[White "Wohlers-Armas, Friederike"]
[Black "Lamoureux, Izabelle"]
[Result "1/2-1/2"]
[WhiteElo "2068"]
[BlackElo "2093"]
[PlyCount "57"]
[EventDate "2013.02.??"]
[EventType "team"]
[EventRounds "5"]
[EventCountry "FRA"]

1. d4 d5 2. c4 Bf5 3. cxd5 Bxb1 4. Qa4+ c6 5. Rxb1 Qxd5 6. Nf3 e6 7. b4 Qb5 8.
Qxb5 cxb5 9. e4 a6 10. Bd3 Nc6 11. a3 Nf6 12. h3 Be7 13. Be3 O-O 14. O-O Rfd8
15. Rfd1 Rd7 16. g4 h6 17. Ne5 Nxe5 18. dxe5 Ne8 19. Be2 Rxd1+ 20. Rxd1 Rd8 21.
Rxd8 Bxd8 22. f4 Bh4 23. Bd2 Nc7 24. Kg2 Na8 25. Kf3 Nb6 26. Ke3 Kf8 27. Bc3
Ke8 28. Kd3 Bg3 29. Bd2 1/2-1/2

[Event "Top 12 feminin 2013"]
[Site "Archamps"]
[Date "2013.02.16"]
[Round "2"]
[White "Javakhishvili, Lela"]
[Black "Dacalor, Aurelie"]
[Result "1-0"]
[WhiteElo "2461"]
[BlackElo "2025"]
[PlyCount "70"]
[EventDate "2013.02.??"]
[EventType "team"]
[EventRounds "5"]
[EventCountry "FRA"]

1. d4 Nf6 2. c4 g6 3. Nc3 d5 4. e3 Bg7 5. Qb3 dxc4 6. Bxc4 O-O 7. Nf3 c5 8.
dxc5 Nbd7 9. Qa3 Qc7 10. b4 b6 11. Nb5 Qc6 12. Nbd4 Qc7 13. c6 Ne5 14. Nxe5
Qxe5 15. Be2 Nd5 16. O-O a6 17. Bd2 Qd6 18. Rac1 e5 19. Nb5 axb5 20. Qxa8 Nc7
21. Qa7 Qxd2 22. Qxc7 Qxe2 23. Qxb6 Be6 24. c7 Rc8 25. Rfd1 Bf6 26. Rd8+ Kg7
27. Rxc8 Bxc8 28. Qb8 Qd2 29. Rf1 Qd7 30. a4 e4 31. axb5 Be5 32. b6 Ba6 33.
c8=Q Bxc8 34. Qxe5+ Kh6 35. Qc7 Qd8 1-0

[Event "Top 12 feminin 2013"]
[Site "Archamps"]
[Date "2013.02.16"]
[Round "2"]
[White "Fischer, Julie"]
[Black "Granjard, Karine"]
[Result "1/2-1/2"]
[WhiteElo "1916"]
[BlackElo "1651"]
[PlyCount "133"]
[EventDate "2013.02.??"]
[EventType "team"]
[EventRounds "5"]
[EventCountry "FRA"]

1. e4 d5 2. exd5 Qxd5 3. Nc3 Qa5 4. Bc4 Nf6 5. d3 c6 6. Bd2 Qc7 7. Nf3 Bg4 8.
h3 Bh5 9. O-O e6 10. Re1 Be7 11. Ne4 Nd5 12. Ng3 Bg6 13. Bxd5 cxd5 14. Bc3 O-O
15. Ne5 Nc6 16. Nxc6 bxc6 17. Qg4 Qd8 18. Be5 Bf6 19. Nh5 Bxe5 20. Rxe5 Bxh5
21. Rxh5 f5 22. Qe2 Qf6 23. Re1 Rae8 24. Qe5 g6 25. Qxf6 Rxf6 26. Rh4 g5 27.
Ra4 Re7 28. Re5 Kf7 29. Kf1 Rc7 30. Ke2 Ke7 31. d4 h5 32. Re3 Kd6 33. Ra5 f4
34. Rea3 Rff7 35. c4 Rfd7 36. c5+ Ke7 37. Kf3 Kf6 38. h4 Kf5 39. hxg5 Kxg5 40.
Rc3 Rb7 41. Rc2 Rb4 42. Rd2 Kf5 43. b3 e5 44. dxe5 Kxe5 45. Rd3 Re4 46. a3 Rf7
47. Ra6 Rc7 48. b4 Rc4 49. Rb3 d4 50. a4 Rc3+ 51. Rxc3 dxc3 52. Ke2 Rd7 53.
Rxc6 Rd2+ 54. Ke1 Rd5 55. Rd6 Rxd6 56. cxd6 Kxd6 57. Ke2 h4 58. f3 Kd5 59. Kd3
c2 60. Kxc2 Kc4 61. b5 Kb4 62. Kd3 Kxa4 63. Kc4 Ka5 64. Kc5 Ka4 65. Kc4 Ka5 66.
Kc5 Ka4 67. Kc4 1/2-1/2

[Event "Top 12 feminin 2013"]
[Site "Archamps"]
[Date "2013.02.16"]
[Round "2"]
[White "Rondeau, Maurene"]
[Black "Fesselier, Melissa"]
[Result "0-1"]
[WhiteElo "1439"]
[BlackElo "1739"]
[PlyCount "76"]
[EventDate "2013.02.??"]
[EventType "team"]
[EventRounds "5"]
[EventCountry "FRA"]

1. e4 c5 2. Nf3 e6 3. d4 cxd4 4. Nxd4 Nc6 5. Nb5 d6 6. N1c3 a6 7. Nd4 Nf6 8. f4
Qc7 9. Nf3 b5 10. Be3 Bb7 11. Bd3 Be7 12. O-O Ng4 13. Bd2 Qb6+ 14. Kh1 Nf2+ 15.
Rxf2 Qxf2 16. Qc1 Qb6 17. f5 O-O 18. Qe1 Qd8 19. Qg3 Kh8 20. fxe6 fxe6 21. Ng5
Bxg5 22. Bxg5 Qe8 23. Qh4 Ne5 24. Be2 b4 25. Na4 Qxa4 26. Be7 Ng6 27. Qg5 Nxe7
28. Qxe7 Bxe4 29. b3 Qc6 30. Qg5 Rf2 31. Bf1 Raf8 32. Kg1 Qb6 33. h4 Rxf1+ 34.
Kh2 Qg1+ 35. Kh3 Qh1+ 36. Kg4 Qxg2+ 37. Kh5 Bg6+ 38. Qxg6 hxg6# 0-1

[Event "Top 12 feminin 2013"]
[Site "Archamps"]
[Date "2013.02.16"]
[Round "2"]
[White "Forgues, Valerie"]
[Black "Berend, Elvira"]
[Result "1/2-1/2"]
[WhiteElo "1962"]
[BlackElo "2331"]
[PlyCount "99"]
[EventDate "2013.02.??"]
[EventType "team"]
[EventRounds "5"]
[EventCountry "FRA"]

1. e4 c5 2. Nf3 e6 3. d4 cxd4 4. Nxd4 Nc6 5. Be3 Nf6 6. Nc3 Bb4 7. Bd3 d5 8.
Nxc6 bxc6 9. exd5 cxd5 10. Bd2 O-O 11. O-O Bb7 12. Bg5 h6 13. Bh4 Be7 14. Ne2
Nh5 15. Bxe7 Qxe7 16. c3 e5 17. Bc2 Rad8 18. Qd3 Nf6 19. Ng3 Bc8 20. Rfe1 e4
21. Qd4 Be6 22. Rad1 Qc7 23. h3 Nd7 24. Nh5 Qe5 25. Qxe5 Nxe5 26. Nf4 g5 27.
Nxe6 fxe6 28. f3 Nc4 29. fxe4 Nxb2 30. Rb1 Nc4 31. exd5 exd5 32. Rb7 Rf7 33.
Ree7 Rxe7 34. Rxe7 a5 35. Re6 Rd6 36. Rxd6 Nxd6 37. Bb3 Kf7 38. Bxd5+ Kf6 39.
Kf2 Ke5 40. Bc6 Nc4 41. Kf3 Nd2+ 42. Ke3 Nc4+ 43. Kf3 Nd2+ 44. Kg4 Kf6 45. Kh5
Kg7 46. h4 gxh4 47. Kxh4 Nb1 48. a4 Nxc3 49. Kh5 Ne2 50. Kg4 1/2-1/2

[Event "Top 12 feminin 2013"]
[Site "Archamps"]
[Date "2013.02.16"]
[Round "2"]
[White "Broly, Marine"]
[Black "Monpeurt, Cyrielle"]
[Result "1-0"]
[WhiteElo "1621"]
[BlackElo "2039"]
[PlyCount "179"]
[EventDate "2013.02.??"]
[EventType "team"]
[EventRounds "5"]
[EventCountry "FRA"]

1. c4 Nf6 2. g3 g6 3. Bg2 Bg7 4. Nc3 c5 5. d4 cxd4 6. Qxd4 Nc6 7. Qd1 O-O 8. e4
d6 9. Nge2 Ne5 10. b3 Bg4 11. O-O Bf3 12. Bb2 Nfd7 13. Qd2 Nc5 14. Rad1 Qd7 15.
Qe3 Bxg2 16. Kxg2 Qc8 17. Nd5 Re8 18. Qd4 Ne6 19. Qd2 h5 20. f4 Ng4 21. f5 Nc5
22. Bxg7 Kxg7 23. Nec3 Ne5 24. Nxe7 Qd7 25. f6+ Kh7 26. Qxd6 Qxd6 27. Rxd6 Ng4
28. Re1 Nxf6 29. Rxf6 Rxe7 30. Kf3 Nd7 31. Rd6 f5 32. Re2 Rf8 33. exf5 Rxf5+
34. Kg2 Ref7 35. Rde6 Kg7 36. Nb5 Nc5 37. R6e3 R5f6 38. Nxa7 b6 39. Nb5 g5 40.
Nd4 g4 41. Ne6+ Nxe6 42. Rxe6 Rf1 43. Rxb6 Rd1 44. b4 Rff1 45. b5 Rg1+ 46. Kf2
Rgf1+ 47. Ke3 Rf3+ 48. Ke4 Rf7 49. Re6 Rc7 50. Rc2 Re1+ 51. Kd5 Rd1+ 52. Ke5
Rcd7 53. Re2 Rc7 54. Rc6 Re7+ 55. Re6 Rc7 56. b6 Rc5+ 57. Ke4 Rxc4+ 58. Ke3
Rc3+ 59. Kf4 Rf3+ 60. Kg5 Rd5+ 61. Kh4 Rb5 62. Rc6 Rf6 63. Rc7+ Rf7 64. Rxf7+
Kxf7 65. Rc2 Rxb6 66. Kxh5 Rb4 67. Rf2+ Ke6 68. Rf4 Rb2 69. Kxg4 Rxh2 70. Ra4
Rh8 71. Ra5 Rg8+ 72. Kf4 Rf8+ 73. Ke4 Rg8 74. Ra6+ Kf7 75. Kf4 Kg7 76. a4 Rb8
77. g4 Rb1 78. Kg5 Rg1 79. Ra7+ Kf8 80. a5 Ra1 81. Kg6 Rd1 82. g5 Rd6+ 83. Kh5
Rd1 84. a6 Ra1 85. Kh6 Rh1+ 86. Kg6 Rc1 87. Rf7+ Kg8 88. a7 Rc6+ 89. Rf6 Rc8
90. Rb6 1-0

[Event "Top 12 feminin 2013"]
[Site "Archamps"]
[Date "2013.02.16"]
[Round "2"]
[White "Rouzes, Sibylle-Anne"]
[Black "Destic, Elena"]
[Result "1-0"]
[WhiteElo "1592"]
[BlackElo "1330"]
[PlyCount "119"]
[EventDate "2013.02.??"]
[EventType "team"]
[EventRounds "5"]
[EventCountry "FRA"]

1. e4 d5 2. exd5 Nf6 3. d4 Nxd5 4. Nf3 Bg4 5. Be2 Nc6 6. O-O e6 7. Re1 g6 8.
Ne5 Bxe2 9. Rxe2 Bg7 10. Nxc6 bxc6 11. c3 O-O 12. Be3 Re8 13. Nd2 e5 14. dxe5
Bxe5 15. Nf3 Qd6 16. Nxe5 Rxe5 17. Qc2 Nxe3 18. fxe3 Rh5 19. g3 Re8 20. Rd1 Qc5
21. Rd4 Rhe5 22. Qd3 Qe7 23. Rd7 Qc5 24. Rd4 Qe7 25. Rd7 Qf6 26. Rxc7 Rd8 27.
Rxc6 Rxd3 28. Rxf6 Rexe3 29. Rxe3 Rxe3 30. Kf2 Re7 31. Rf4 Rb7 32. b3 Kg7 33.
c4 Kf8 34. Ke3 Ke8 35. Rd4 Rd7 36. c5 Rxd4 37. Kxd4 Kd8 38. b4 Kc7 39. Ke5 h5
40. Kf6 Kc6 41. Kxf7 g5 42. Kg6 h4 43. gxh4 gxh4 44. Kg5 h3 45. Kg4 Kb5 46.
Kxh3 a5 47. a3 axb4 48. axb4 Kc6 49. Kg4 Kb5 50. h4 Kc6 51. h5 Kb5 52. h6 Kxb4
53. h7 Kxc5 54. h8=Q Kc6 55. Qd4 Kb5 56. Qc3 Ka4 57. Qb2 Ka5 58. Kf5 Ka4 59.
Ke5 Ka5 60. Kd6 1-0

[Event "Top 12 feminin 2013"]
[Site "Archamps"]
[Date "2013.02.16"]
[Round "2"]
[White "Fortuit, Emilie"]
[Black "Brin-Vervat, Emma"]
[Result "1-0"]
[WhiteElo "1951"]
[BlackElo "1545"]
[PlyCount "77"]
[EventDate "2013.02.??"]
[EventType "team"]
[EventRounds "5"]
[EventCountry "FRA"]

1. e4 e5 2. Bc4 Nc6 3. Nf3 Be7 4. c3 Nf6 5. d3 O-O 6. O-O a6 7. a4 Re8 8. b4 d6
9. Qb3 Rf8 10. Re1 Bg4 11. Nbd2 Nd7 12. a5 Na7 13. d4 Bf6 14. Bb2 Nb5 15. Be2
Be6 16. d5 Bg4 17. c4 Na7 18. Ba3 Be7 19. h3 Bh5 20. Qc2 Rc8 21. Nxe5 Bxe2 22.
Nxd7 Qxd7 23. Rxe2 Bf6 24. Rae1 Rfe8 25. Bb2 Be5 26. Nf3 Bxb2 27. Qxb2 Re7 28.
Qd4 b6 29. e5 dxe5 30. Rxe5 Rce8 31. axb6 cxb6 32. Qxb6 Rxe5 33. Rxe5 Rxe5 34.
Nxe5 Qe7 35. Qb8+ Qf8 36. Qxa7 f6 37. Nc6 Qe8 38. Qb8 Qxb8 39. Nxb8 1-0

[Event "Top 12 feminin 2013"]
[Site "Archamps"]
[Date "2013.02.16"]
[Round "?"]
[White "Del Valle, Julie"]
[Black "Aggoune, Liza"]
[Result "1-0"]
[WhiteElo "1486"]
[BlackElo "1863"]
[PlyCount "68"]
[EventDate "2013.02.??"]
[EventType "team"]
[EventRounds "5"]
[EventCountry "FRA"]

1. d4 d5 2. c4 c6 3. e3 Nf6 4. Nc3 Bf5 5. Nf3 e6 6. a3 a5 7. Be2 Nbd7 8. O-O
Bd6 9. c5 Bc7 10. Bd2 b6 11. cxb6 Bxb6 12. Na4 O-O 13. Rc1 Rc8 14. Ba6 Ra8 15.
Bb7 Rb8 16. Bxc6 Bc7 17. b4 axb4 18. Bxb4 Re8 19. Nc5 e5 20. Nxd7 Nxd7 21. dxe5
Nxe5 22. Bxe8 Bg4 23. Bxf7+ Nxf7 24. h3 Bh5 25. Qc2 Rc8 26. Qf5 g6 27. Qe6 Bxf3
28. gxf3 Rb8 29. Qe7 Rb7 30. Qxd8+ Bxd8 31. Rfd1 Rd7 32. Rc2 Ng5 33. Kg2 Rf7
34. Rxd5 Bc7 1-0

[Event "Top 12 feminin 2013"]
[Site "Archamps"]
[Date "2013.02.16"]
[Round "?"]
[White "Baldi, Valentine"]
[Black "Maisuradze, Nino"]
[Result "0-1"]
[WhiteElo "1902"]
[BlackElo "2331"]
[PlyCount "96"]
[EventDate "2013.02.??"]
[EventType "team"]
[EventRounds "5"]
[EventCountry "FRA"]

1. d4 d5 2. c4 e6 3. Nc3 Nf6 4. Nf3 Be7 5. e3 O-O 6. Bd3 a6 7. e4 dxc4 8. Bxc4
c5 9. e5 Nfd7 10. dxc5 Nxc5 11. Be3 b5 12. Bxc5 Bxc5 13. Bd3 Bb7 14. O-O Nc6
15. Ne4 Be7 16. Rc1 Nb4 17. Bb1 Qxd1 18. Rfxd1 Nxa2 19. Rc7 Bxe4 20. Bxe4 Rad8
21. Ra1 Rfe8 22. Bc6 Rc8 23. Rxc8 Rxc8 24. Be4 f5 25. exf6 Bxf6 26. g3 Rc1+ 27.
Rxc1 Nxc1 28. b4 Na2 29. Bd3 Nxb4 30. Be2 Nd5 31. Kf1 Kf7 32. Ke1 h6 33. Kd2
Ke7 34. Kc2 Kd6 35. Nd2 Nc3 36. Bd3 Kd5 37. Nb3 Na4 38. f3 Nc5 39. Nxc5 Kxc5
40. Kb3 a5 41. Bc2 Bd4 42. g4 g5 43. Bd3 Be3 44. Kc3 a4 45. Bc2 b4+ 46. Kb2
Bd4+ 47. Kb1 b3 48. Bd1 Kb4 0-1

[Event "Top 12 feminin 2013"]
[Site "Archamps"]
[Date "2013.02.16"]
[Round "3"]
[White "Sebag, Marie"]
[Black "Dzagnidze, Nana"]
[Result "1-0"]
[WhiteElo "2530"]
[BlackElo "2555"]
[PlyCount "95"]
[EventDate "2013.02.??"]
[EventType "team"]
[EventRounds "5"]
[EventCountry "FRA"]

1. e4 c5 2. Nf3 e6 3. c3 d5 4. exd5 Qxd5 5. d4 Nf6 6. Be2 Nc6 7. O-O Be7 8. c4
Qf5 9. Nc3 cxd4 10. Nb5 O-O 11. Nbxd4 Nxd4 12. Nxd4 Qe5 13. Be3 Rd8 14. Qd3 Qa5
15. Qc2 Bd7 16. Bf3 Qc7 17. Qb3 e5 18. Nb5 Bxb5 19. Qxb5 e4 20. Be2 b6 21. b4
Bd6 22. g3 Qd7 23. c5 bxc5 24. bxc5 Be5 25. c6 Qe6 26. Rac1 Rac8 27. Bxa7 Qxa2
28. Bb6 Re8 29. Bc4 Qa3 30. Qa6 Qf3 31. Be2 Qf5 32. c7 Nd5 33. Qa5 Nxb6 34.
Qxb6 Qf6 35. Rc6 Qe7 36. Rfc1 e3 37. fxe3 Qa3 38. Ba6 Bb2 39. R1c2 Rxe3 40.
Bxc8 Qd3 41. Ba6 Re1+ 42. Kg2 Qe4+ 43. Kf2 Bd4+ 44. Qxd4 Qxd4+ 45. Kxe1 Qe4+
46. Be2 Qh1+ 47. Kd2 Qd5+ 48. Kc1 1-0

[Event "Top 12 feminin 2013"]
[Site "Archamps"]
[Date "2013.02.16"]
[Round "3"]
[White "Collas, Silvia"]
[Black "Vega Gutierrez, Sabrina"]
[Result "0-1"]
[WhiteElo "2286"]
[BlackElo "2352"]
[PlyCount "72"]
[EventDate "2013.02.??"]
[EventType "team"]
[EventRounds "5"]
[EventCountry "FRA"]

1. c4 e5 2. g3 Nf6 3. Bg2 d5 4. cxd5 Nxd5 5. Nc3 Be6 6. Nf3 Nc6 7. O-O Nb6 8.
b3 Be7 9. Bb2 O-O 10. d3 f6 11. Rc1 a5 12. Nd2 Qd7 13. Nc4 Rfd8 14. Nxb6 cxb6
15. Na4 Ra6 16. Qd2 b5 17. Nc5 Bxc5 18. Rxc5 a4 19. b4 a3 20. Ba1 Ne7 21. Rfc1
b6 22. Rc7 Qd6 23. f4 exf4 24. gxf4 Nd5 25. Bxd5 Qxd5 26. Qe3 Rd7 27. Rc8+ Kf7
28. Rb8 Re7 29. Rc2 Raa7 30. Qxb6 Bh3 31. Qf2 Rac7 32. Bc3 Rxc3 33. Rxc3 Qxa2
34. Qc5 Qxe2 35. Qd5+ Kg6 36. f5+ Kh6 0-1

[Event "Top 12 feminin 2013"]
[Site "Archamps"]
[Date "2013.02.16"]
[Round "?"]
[White "Thuret, Marine"]
[Black "Rasinaru, Alina-Laura"]
[Result "1-0"]
[WhiteElo "1891"]
[BlackElo "1988"]
[PlyCount "103"]
[EventDate "2013.02.??"]
[EventType "team"]
[EventRounds "5"]
[EventCountry "FRA"]

1. e4 c6 2. c4 d5 3. cxd5 cxd5 4. exd5 Qxd5 5. Nc3 Qa5 6. d4 Nf6 7. Bc4 e6 8.
Nf3 Bd6 9. O-O O-O 10. h3 Nbd7 11. Re1 a6 12. Bb3 b5 13. d5 e5 14. Bg5 Re8 15.
a3 Bb7 16. Nh4 Qb6 17. Nf5 Bc5 18. Be3 g6 19. Bxc5 Nxc5 20. Ne3 Nxb3 21. Qxb3
Qd6 22. Red1 Rac8 23. Rac1 Red8 24. Rc2 Rc5 25. Rcd2 Qd7 26. Qb4 Rdc8 27. Qh4
Kg7 28. f3 Qd8 29. Qg5 Nd7 30. Nf5+ Kh8 31. Qxd8+ Rxd8 32. Nd6 Rb8 33. Nxf7+
Kg8 34. Ng5 Nf6 35. Nge4 Nxe4 36. Nxe4 Rc4 37. b3 Rc7 38. d6 Rc6 39. b4 Rd8 40.
Nc5 Ba8 41. Kf2 Kf7 42. Kg3 a5 43. Kg4 Rcc8 44. Kg5 Rc6 45. Kh6 Rcc8 46. d7 Rc6
47. Rd6 axb4 48. axb4 Ke7 49. Rxc6 Bxc6 50. Kxh7 Kf7 51. Rd6 Rg8 52. d8=Q 1-0

[Event "Top 12 feminin 2013"]
[Site "Archamps"]
[Date "2013.02.16"]
[Round "3"]
[White "Choisy, Mathilde"]
[Black "Roumegous, Marina"]
[Result "1/2-1/2"]
[WhiteElo "2166"]
[BlackElo "2139"]
[PlyCount "91"]
[EventDate "2013.02.??"]
[EventType "team"]
[EventRounds "5"]
[EventCountry "FRA"]

1. e4 c6 2. d4 g6 3. Nc3 d5 4. Nf3 Bg4 5. Be2 Bg7 6. e5 Bxf3 7. Bxf3 e6 8. O-O
Nd7 9. Bf4 a6 10. Re1 h6 11. Qd2 Ne7 12. Nd1 g5 13. Bg3 Ng6 14. Bh5 Qe7 15. Rf1
O-O-O 16. b3 c5 17. c3 Kb8 18. f4 gxf4 19. Bxf4 Qh4 20. Be2 Qe7 21. Bh5 Qh4 22.
Be2 Nxf4 23. Rxf4 Qe7 24. Ne3 cxd4 25. cxd4 f6 26. exf6 Bxf6 27. Raf1 Rhf8 28.
Qd3 Bg5 29. Rxf8 Rxf8 30. Ng4 Rxf1+ 31. Bxf1 Qf7 32. Qg3+ Bf4 33. Qf3 h5 34. g3
hxg4 35. Qxf4+ Qxf4 36. gxf4 Nf6 37. Kf2 Nh5 38. Be2 Nxf4 39. Bxg4 e5 40. dxe5
Nd3+ 41. Ke3 Nxe5 42. Be6 Kc7 43. Bxd5 Ng4+ 44. Kd2 Nxh2 45. Kc3 Ng4 46. Bf3
1/2-1/2

[Event "Top 12 feminin 2013"]
[Site "Archamps"]
[Date "2013.02.16"]
[Round "3"]
[White "Lamoureux, Izabelle"]
[Black "Richard, Emma"]
[Result "1/2-1/2"]
[WhiteElo "2093"]
[BlackElo "2099"]
[PlyCount "104"]
[EventDate "2013.02.??"]
[EventType "team"]
[EventRounds "5"]
[EventCountry "FRA"]

1. e4 c5 2. Nf3 Nc6 3. d4 cxd4 4. Nxd4 e5 5. Nb5 d6 6. N1c3 a6 7. Na3 b5 8. Nd5
Nge7 9. Bg5 Rb8 10. g3 Qd7 11. Bg2 Nxd5 12. exd5 Ne7 13. O-O Ng6 14. c3 Be7 15.
Be3 O-O 16. Nc2 f5 17. f4 Bb7 18. Rf2 e4 19. Bh3 Kh8 20. Rd2 Bd8 21. Bf2 Ne7
22. Ne3 Bb6 23. Nf1 Bxf2+ 24. Kxf2 Qc7 25. Ne3 Qb6 26. Ke2 Rf6 27. Qg1 Re8 28.
Rad1 a5 29. Rd4 b4 30. c4 b3 31. a3 Ba6 32. Qf2 Qc5 33. Ke1 a4 34. Qd2 Rc8 35.
Bf1 Rb8 36. Bh3 h6 37. Bf1 g5 38. Ng2 g4 39. Ne3 h5 40. Qc3 Kg7 41. R4d2 Kf7
42. h3 gxh3 43. Rh2 h4 44. Rxh3 hxg3 45. Rh7+ Ke8 46. Qxf6 Qxe3+ 47. Be2 Qf2+
48. Kd2 Qxf4+ 49. Ke1 Qf2+ 50. Kd2 Qf4+ 51. Ke1 Qf2+ 52. Kd2 Qf4+ 1/2-1/2

[Event "Top 12 feminin 2013"]
[Site "Archamps"]
[Date "2013.02.16"]
[Round "3"]
[White "Haussernot, Cecile"]
[Black "Todorova, Maya"]
[Result "1-0"]
[WhiteElo "2016"]
[BlackElo "2017"]
[PlyCount "89"]
[EventDate "2013.02.??"]
[EventType "team"]
[EventRounds "5"]
[EventCountry "FRA"]

1. e4 d6 2. d4 e5 3. Nf3 exd4 4. Nxd4 Nf6 5. Nc3 Be7 6. Bf4 O-O 7. Be2 Re8 8.
Qd2 Nc6 9. O-O-O Nxd4 10. Qxd4 Be6 11. f3 a6 12. g4 Nd7 13. Be3 c5 14. Qd2 Qa5
15. Kb1 Bf8 16. f4 Nb6 17. f5 Nc4 18. Bxc4 Bxc4 19. f6 b5 20. b3 Be6 21. g5 Qb4
22. h4 a5 23. a3 Qxa3 24. Nxb5 Qb4 25. Qxb4 axb4 26. Nc7 Bg4 27. Nxe8 Bxd1 28.
fxg7 Be7 29. Nf6+ Bxf6 30. gxf6 Bf3 31. Re1 Bxe4 32. Bxc5 Bxc2+ 33. Kxc2 Rc8
34. Kd3 dxc5 35. Kc4 h6 36. Re5 Kh7 37. Rxc5 Re8 38. Kxb4 Kg6 39. Rc6 Kh5 40.
Rc4 Rg8 41. Kc5 Kg6 42. Rf4 Kh5 43. b4 Re8 44. b5 Re1 45. Rf5+ 1-0

[Event "Top 12 feminin 2013"]
[Site "Archamps"]
[Date "2013.02.16"]
[Round "3"]
[White "Guichard, Pauline"]
[Black "Wohlers-Armas, Friederike"]
[Result "1-0"]
[WhiteElo "2347"]
[BlackElo "2068"]
[PlyCount "52"]
[EventDate "2013.02.??"]
[EventType "team"]
[EventRounds "5"]
[EventCountry "FRA"]

1. d4 b5 2. e4 Bb7 3. Bd3 e6 4. Nf3 c5 5. c3 a6 6. O-O Qc7 7. Re1 Nf6 8. Nbd2
cxd4 9. cxd4 Nc6 10. e5 Nd5 11. Ne4 f5 12. exf6 gxf6 13. Bd2 Be7 14. Rc1 O-O-O
15. Nc3 Nxc3 16. Rxc3 Bd6 17. a4 b4 18. Rc1 Bf4 19. Bxf4 Qxf4 20. Qe2 a5 21.
Rc5 Kb8 22. Ba6 Qc7 23. Rb5 Qf4 24. Rc5 Ka7 25. Bxb7 Kxb7 26. Qb5+ Kc7 1-0

[Event "Top 12 feminin 2013"]
[Site "Archamps"]
[Date "2013.02.16"]
[Round "3"]
[White "Zickelbein, Eva-Maria"]
[Black "Rudolf, Anna"]
[Result "0-1"]
[WhiteElo "2081"]
[BlackElo "2312"]
[PlyCount "58"]
[EventDate "2013.02.??"]
[EventType "team"]
[EventRounds "5"]
[EventCountry "FRA"]

1. e4 e6 2. d3 d5 3. Nd2 Nf6 4. g3 Nc6 5. Bg2 e5 6. Ngf3 dxe4 7. dxe4 Bc5 8.
Qe2 O-O 9. O-O Qe7 10. Nb3 Bb6 11. Be3 Be6 12. c3 Nd7 13. Nbd2 f6 14. Nh4 Bxe3
15. Qxe3 g6 16. f4 Kg7 17. Rfd1 Rad8 18. Bf1 Qc5 19. Ng2 Qxe3+ 20. Nxe3 Nc5 21.
b4 Na4 22. Nd5 Bxd5 23. exd5 Rxd5 24. Bg2 Rd3 25. Be4 Rxc3 26. Nf3 exf4 27. b5
Nd8 28. Rd7+ Kh6 29. gxf4 Nc5 0-1